La sinfonía (Record no. 140286)

MARC details
000 -LEADER
fixed length control field nam a22 7a 4500
005 - DATE AND TIME OF LATEST TRANSACTION
control field 20180424133011.0
008 - FIXED-LENGTH DATA ELEMENTS--GENERAL INFORMATION
fixed length control field 180424b sp ||||| |||| 00| 0 spa d
020 ## - INTERNATIONAL STANDARD BOOK NUMBER
International Standard Book Number 8423128032
050 04 - LIBRARY OF CONGRESS CALL NUMBER
Classification number ML1255
Item number A95 1985
100 1# - MAIN ENTRY--PERSONAL NAME
Personal name Aviñoa, Xosé.
245 13 - TITLE STATEMENT
Title La sinfonía
Statement of responsibility, etc / Xosé Aviñoa.
250 ## - EDITION STATEMENT
Edition statement 1a ed.
260 ## - PUBLICATION, DISTRIBUTION, ETC. (IMPRINT)
Place of publication, distribution, etc Barcelona :
Name of publisher, distributor, etc Ediciones Daimon,
Date of publication, distribution, etc 1985.
300 ## - PHYSICAL DESCRIPTION
Extent 132 p. :
Other physical details il. ;
Dimensions 18 cm.
490 0# - SERIES STATEMENT
Series statement Qué es y en qué consiste.
505 0# - FORMATTED CONTENTS NOTE
Title Orígenes y evolución histórica. -- Grandes compositores del género. -- Análisis y estructura de la forma.
650 #7 - SUBJECT ADDED ENTRY--TOPICAL TERM
Source of heading or term LEMB
Topical term or geographic name as entry element Sinfonía
Chronological subdivision Siglo XIX
942 ## - ADDED ENTRY ELEMENTS (KOHA)
Source of classification or shelving scheme Biblioteca del Cogreso de los Estados Unidos
Koha item type Libro
Holdings
Estado de pérdida Fuente de clasificación Estado del daño No para préstamo Ubicación permanente Ubicación actual Apartado o colección Fecha de adquisición Fuente de adquisición Edición Área del conocimiento Clasificación Código de Barras Date last seen Número de copia Tipo de recurso
  Biblioteca del Cogreso de los Estados Unidos     Biblioteca de la Facultad de Bellas Artes Biblioteca de la Facultad de Bellas Artes General 24/04/2018 Donación 1a ed. Educación y Humanidades ML1255 A95 1985 BBA000002138 24/04/2018 1 Libro